Kto a za akých podmienok môže dostať podporu zo Štátneho fondu rozvoja bývania od 1. apríla 2000

Zákonom č. 76/2000 Z.z. bol novelizovaný zákon č. 124/1996 Z.z. o Štátnom fonde rozvoja bývania v znení zákona č. 1/1997 Z.z. Hlavné zdroje fondu. Podmienky poskytnutia podpory zo ŠFRB. Formy podpory. Výška podpory. Postup pri poskytovaní podpory.

Gespeichert in:
Bibliographische Detailangaben
1. Verfasser: Mäsiarová, Terézia
Format: Buchkapitel
Sprache:Slowakisch
Schlagworte:
Tags: Tag hinzufügen
Keine Tags, Fügen Sie das erste Tag hinzu!

MARC

LEADER 00000naa a2200000 4500
001 r038702
005 20230919090817.5
041 0 |a slo 
044 |a SK 
245 1 0 |a Kto a za akých podmienok môže dostať podporu zo Štátneho fondu rozvoja bývania od 1. apríla 2000  |c Terézia Mäsiarová 
520 |a Zákonom č. 76/2000 Z.z. bol novelizovaný zákon č. 124/1996 Z.z. o Štátnom fonde rozvoja bývania v znení zákona č. 1/1997 Z.z. Hlavné zdroje fondu. Podmienky poskytnutia podpory zo ŠFRB. Formy podpory. Výška podpory. Postup pri poskytovaní podpory. 
610 2 0 |a fondy účelové 
610 2 0 |a podpory 
610 2 0 |a bývanie 
610 2 0 |a Štátny fond rozvoja bývania 
610 2 0 |a apríl 
610 2 0 |a 2000 
100 1 |a Mäsiarová, Terézia